| Tag |
First Indicator |
Second Indicator |
Subfields |
| LEADER |
00000cas a2200000 i 4500 |
| 001 |
in00004403749 |
| 005 |
20211120111715.0 |
| 006 |
m o d f |
| 007 |
cr ||||||||||| |
| 008 |
210316d20uu2015dcuar o f0 0eng c |
| 010 |
|
|
|z 2021235249
|
| 035 |
|
|
|a (OCoLC)on1241982592
|
| 040 |
|
|
|a GPO
|b eng
|e rda
|e pn
|c GPO
|d GPO
|d MvI
|d UtOrBLW
|
| 042 |
|
|
|a pcc
|
| 043 |
|
|
|a n-us---
|
| 049 |
|
|
|a WWW
|
| 074 |
|
|
|a 0030-A-01 (online)
|
| 086 |
0 |
|
|a A 101.10/2:R 29/
|
| 110 |
1 |
|
|a United States.
|b Animal and Plant Health Inspection Service.
|b Plant Protection and Quarantine Programs,
|e author.
|0 http://id.loc.gov/authorities/names/n78023959
|
| 245 |
1 |
0 |
|a Recognizing program successes in ...
|
| 264 |
|
1 |
|a [Washington, D.C.] :
|b United States Department of Agriculture, Animal and Plant Health Inspection Service, Plant Protection and Quarantine,
|c -2016.
|
| 300 |
|
|
|a 1 online resource (volumes) :
|b illustrations.
|
| 310 |
|
|
|a Annual
|
| 336 |
|
|
|a text
|b txt
|2 rdacontent
|
| 337 |
|
|
|a computer
|b c
|2 rdamedia
|
| 338 |
|
|
|a online resource
|b cr
|2 rdacarrier
|
| 362 |
1 |
|
|a Ceased with: 2015.
|
| 490 |
1 |
|
|a APHIS 81
|
| 588 |
0 |
|
|a 2015; title from PDF title page (Animal and Plant Health Inspection Service website, viewed March 15, 2021).
|
| 588 |
1 |
|
|a 2015 (Animal and Plant Health Inspection Service website, viewed March 15, 2021).
|
| 610 |
1 |
0 |
|a United States.
|b Animal and Plant Health Inspection Service.
|b Plant Protection and Quarantine Programs
|v Periodicals.
|
| 650 |
|
0 |
|a Pests
|x Control
|z United States
|v Periodicals.
|
| 650 |
|
0 |
|a Pests
|x Biological control
|z United States
|v Periodicals.
|
| 650 |
|
0 |
|a Agriculture
|x Economic aspects
|z United States
|v Periodicals.
|0 http://id.loc.gov/authorities/subjects/sh2007100902
|
| 650 |
|
0 |
|a Exports
|z United States
|v Periodicals.
|0 http://id.loc.gov/authorities/subjects/sh2008120118
|
| 655 |
|
7 |
|a Annual reports.
|2 lcgft
|0 http://id.loc.gov/authorities/genreForms/gf2014026046
|
| 785 |
0 |
0 |
|a United States. Animal and Plant Health Inspection Service. Plant Protection and Quarantine Programs.
|t Annual report
|w (DLC) 2021235218
|w (OCoLC)1241982448
|
| 830 |
|
0 |
|a APHIS 81.
|0 http://id.loc.gov/authorities/names/no2019032060
|
| 856 |
4 |
0 |
|3 2015
|u https://purl.fdlp.gov/GPO/gpo152929
|t 0
|
| 999 |
f |
f |
|s 983130c1-aa03-3f58-b7ff-cdb3063d4134
|i 6ff3c8eb-4b12-31f7-9de8-2299cfdbbcab
|t 0
|
| 952 |
f |
f |
|a Texas A&M University
|b College Station
|c Electronic Resources
|d Available Online
|t 0
|e A 101.10/2:R 29/
|h Superintendent of Documents classification
|
| 998 |
f |
f |
|a A 101.10/2:R 29/
|t 0
|l Available Online
|